Normal view
MARC view
- Wall Street journal
Entry Uniform Title
001 - CONTROL NUMBER
- control field: 3287
003 - CONTROL NUMBER IDENTIFIER
- control field: OSt
005 - DATE AND TIME OF LATEST TRANSACTION
- control field: 20170511103443.0
008 - FIXED-LENGTH DATA ELEMENTS
- fixed length control field: 170511|| aca||aabn | a|a d
040 ## - CATALOGING SOURCE
- Original cataloging agency: OSt
- Transcribing agency: OSt
130 ## - HEADING--UNIFORM TITLE
- Uniform title: Wall Street journal
670 ## - SOURCE DATA FOUND
- Source citation: Work cat.: (OSt)0: Lehmann, Michael B 3286, The Dow Jones-Irwin guide to using the Wall Street journal /, c1984

PORTAL AKMAL
E-MEL JKDM
AKMAL2U
G-BAM
u-PUSTAKA